书目信息 |
| 题名: |
新技术名词解释
|
|
| 作者: | ;科学出版社 编辑 | |
| 分册: | 第一分册 | |
| 出版信息: | 北京 编者 1979 |
|
| 页数: | 96页 | |
| 开本: | 19cm | |
| 丛书名: | ||
| 单 册: | ||
| 中图分类: | T-61 | |
| 科图分类: | ||
| 主题词: | 工业技术--词典 | |
| 电子资源: | ||
| ISBN: | ||
| 000 | 00599nam0 2200229 45 | |
| 001 | 0179008468 | |
| 005 | 20040520163618.9 | |
| 010 | @dCNY0.36 | |
| 091 | @a17031.80 | |
| 100 | @a19950801d1979 em y0chiy0121 ea | |
| 101 | 0 | @achi |
| 102 | @aCN@b110000 | |
| 105 | @ay e 000yy | |
| 106 | @ar | |
| 200 | 10 | @a新技术名词解释@Axin ji shu ming ci jie shi@h第一分册@f科学出版社编辑 |
| 210 | @a北京@c编者@d1979 | |
| 215 | @a96页@d19cm | |
| 606 | @a工业技术@x词典 | |
| 690 | @aT-61@v3 | |
| 711 | 02 | @a科学出版社@Ake xue chu ban she@4编辑 |
| 801 | 0 | @aCN@bNLC@c20040520 |
| 905 | @f1@b15667@dT-61@e7(1) | |
| 新技术名词解释.第一分册/科学出版社编辑.-北京:编者,1979 |
| 96页;19cm |
| ISBN :CNY0.36 |
| ● |
| 相关链接 |
|
|
|
|
正题名:新技术名词解释
索取号:T-61/7(1)
 
预约/预借
| 序号 | 登录号 | 条形码 | 馆藏地/架位号 | 状态 | 备注 |
| 1 | 0015667 | 000882263 | 第三借阅区/ [索取号:T-61/7(1)] | 在馆 | |
| 2 | 0015668 | 000882272 | 第二样本阅览室/ [索取号:T-61/7(1)] | 在馆 |